00865nam a2200301Ia 4500001000700000003000500007008004100012010001100053040000900064082001800073100002900091245006900120260003200189300001100221440000500232500005100237503000800288650003300296650003100329650004000360901001800400902000600418910000900424942000600433942000700439999001900446952009800465Z_4981CHAP220113s1983 xx 000 0 und d a168037 cCHAP a636.0894 L48y aLevine, Norman D.966464 aTratado de parasitología veterinaria /cpor Norman D. Levine aZaragoza :bAcribia,c1983 a276 p. a aTrad. De : Textbook of veterinary parasitology aC/E aAnimalesxParásitos 95869 aGanadoxParásitos944939 aParasitología veterinaria 985475 a636.0894 L48y aA a1983 c1 cc1 c168037d168037 00102ddc40708GRALaZbZc1d2005-11-09pz_4820r2022-01-18 00:00:00t1w2022-01-18yLIBRO